El proceso contra Tomás Moro.
Tomás Moro (1478-1535), abogado, político y humanista inglés, fue gran canciller de Inglaterra durante el reinado de Enrique VIII, y condenado a muerte por negarse a jurar la legitimidad de leyes despóticas aprobadas por mayoría parlamentaria manifestaban un poder despótico. El proceso contra Moro...
Spremljeno u:
| Glavni autor: | |
|---|---|
| Format: | Knjiga |
| Jezik: | engleski |
| Izdano: |
Madrid, España:
Ediciones Rialp,
2015.
|
| Serija: | Breves,
8. |
| Teme: | |
| Oznake: |
Dodaj oznaku
Bez oznaka, Budi prvi tko označuje ovaj zapis!
|
MARC
| LEADER | 00000nam a22000007a 4500 | ||
|---|---|---|---|
| 003 | CL-VaPUC | ||
| 005 | 20220822114444.0 | ||
| 008 | 220328t2015 ||||| |||| 00| 0 eng d | ||
| 999 | |c 435153 |d 435151 | ||
| 020 | |a 978-84-321-4568-1 | ||
| 040 | |c Pontificia Universidad Católica de Valparaíso | ||
| 082 | 7 | |a 345.42 COR 2015 |2 22 | |
| 100 | |a Corral Talciani, Hernán Felipe |9 555485 |e autor | ||
| 245 | |a El proceso contra Tomás Moro. | ||
| 260 | |a Madrid, España: |b Ediciones Rialp, |c 2015. | ||
| 300 | |a 142 páginas. | ||
| 490 | |a Breves, |v 8. | ||
| 500 | |a c.1 Donación Familia Prof. Alejandro Guzmán Brito. | ||
| 520 | |a Tomás Moro (1478-1535), abogado, político y humanista inglés, fue gran canciller de Inglaterra durante el reinado de Enrique VIII, y condenado a muerte por negarse a jurar la legitimidad de leyes despóticas aprobadas por mayoría parlamentaria manifestaban un poder despótico. El proceso contra Moro es de gran actualidad en el debate público: también ahora se cuestionan los límites del poder de los gobiernos, la validez de la ley y el respeto a la conciencia, la presunción de inocencia y la responsabilidad e independencia de los jueces al aplicar leyes emanadas del poder político. | ||
| 583 | |c 20220328 |k Yessy Stephany Diaz Vidal | ||
| 600 | 0 | |a Moro, Tomás, |9 455757 |d 1478-1535 |q More, Thomas |x Procesos y litigios | |
| 650 | |a Procesos por traición |z Inglaterra |x Historia |y Siglo 16 |9 869951 | ||
| 650 | |a Poder político |z Inglaterra |x Historia |9 869952 | ||
| 942 | |2 ddc |c BK |n 0 | ||
| 952 | |0 0 |1 0 |2 ddc |4 0 |6 345_420000000000000_COR_2015 |7 1 |8 C_AGB |9 582174 |a BIBDER |b BIBDER |d 2022-03-28 |e Donación |i 5650408 |o 345.42 COR 2015 |p 5650408 |r 2023-01-25 |t 1 |w 2022-03-28 |y BK_US |k AGB | ||